Algérie - Tous les joueurs (2010-...) - Statistiques

Statistiques générales
  • Ce quiz a été pris 638 fois
  • Le résultat moyen est 29 sur 136
Statistiques - réponses
Sel Poste Joueurs % Correct
67 M Riyad Mahrez
95%
81 G Rais M'Bolhi
90%
76 A Islam Slimani
88%
65 D Aissa Mandi
77%
21 D Youcef Atal
77%
28 M Ismael Bennacer
75%
26 M Youcef Belaili
75%
40 D Ramy Bensebaini
74%
70 M Sofiane Feghouli
74%
56 M Yacine Brahimi
74%
45 A Baghdad Bounedjah
70%
70 D Majid Bougherra
62%
14 M Adam Ounas
58%
62 M Karim Ziani
56%
61 M Adlène Guedioura
54%
41 D Rafik Halliche
51%
11 A Andy Delort
49%
23 D Djamel Benlamri
48%
15 G Faouzi Chaouchi
48%
35 M Nabil Bentaleb
47%
28 A Abdelkader Ghezzal
46%
9 M Hicham Boudaoui
46%
19 M Rachid Ghezzal
46%
5 G Alexandre Oukidja
45%
7 M Ramiz Zerrouki
45%
37 D Faouzi Ghoulam
43%
52 A Hillal Soudani
43%
12 M Said Benrahma
43%
19 D Mehdi Zeffane
37%
64 A Rafik Saifi
37%
46 M Saphir Taider
37%
13 M Abdelmoumene Djabou
36%
53 D Anthar Yahia
35%
2 D Ahmed Touba
33%
30 M Karim Matmour
33%
55 D Nadir Belhadj
33%
25 A Ryad Boudebouz
32%
62 D Carl Medjani
31%
26 M Hassan Yebda
29%
44 M Medhi Lacen
28%
14 G Azzedine Doukha
26%
1 D Houcine Benayada
25%
17 A Ishak Belfodil
25%
1 G Moustapha Zeghba
25%
33 A Rafik Djebbour
25%
2 M Adem Zorgane
24%
26 D Mehdi Mostefa
24%
13 D Mehdi Tahrat
24%
9 M Haris Belkebla
23%
1 M Sofiane Bendebka
23%
35 D Djamel Mesbah
22%
67 M Yazid Mansouri
22%
19 D Essaid Belkalem
21%
4 D Abdelkader Bedrane
20%
11 D Mohamed Fares
20%
8 G Mohamed Lamine Zemmamouche
20%
9 M Mourad Meghni
20%
2 D Ilyes Chetti
19%
49 G Lounès Gaouaoui
18%
8 A Nabil Ghilas
18%
21 A Kamel Ghilas
17%
4 M Farid Boulaya
16%
25 M Foued Kadir
16%
19 M Mehdi Abeid
16%
12 M Zinedine Ferhat
15%
1 G Cédric Si Mohammed
14%
12 M Sofiane Hanni
13%
28 M Khaled Lemmouchia
12%
15 D Liassine Cadamuro
12%
11 D Mohamed Meftah
12%
4 A Yassine Benzia
12%
22 M Hameur Bouazza
11%
1 D Habib Bellaid
10%
24 D Samir Zaoui
10%
11 M Djamel Abdoun
9%
4 D Abderrahmane Hachoud
8%
3 G Malek Asselah
8%
48 D Slimane Raho
8%
8 D Ayoub Abdellaoui
7%
5 D Réda Halaimia
7%
24 M Yassine Bezzaz
7%
6 A Abdelmalek Ziaya
6%
6 D Farouk Chafai
6%
3 D Mokhtar Belkhiter
6%
6 D Mokhtar Benmoussa
6%
9 D Abdelkader Laifaoui
5%
1 M Mehdi Zerkane
5%
3 G Abdelkader Salhi
4%
1 A Abderrahmane Meziane
4%
2 D Haithem Loucif
4%
9 D Hichem Belkaroui
4%
8 M Lazhar Hadj Aissa
4%
4 A Mohamed Lamine Abid
4%
2 A Oussama Darfalou
4%
2 D Réda Babouche
4%
4 M Salim Boukhanchouche
4%
7 M Walid Mesloub
4%
1 D Abdeljalil Medioub
3%
1 G Chamseddine Rahmani
3%
2 A Idriss Saadi
3%
1 A Karim Aribi
3%
7 A Mohamed Amine Aoudia
3%
2 D Mohamed Khoutir Ziti
3%
3 D Nacereddine Khoualed
3%
2 M Oussama Chita
3%
1 M Victor Lekhal
3%
1 A Zakaria Naidji
3%
1 M Ahmed Kashi
2%
2 M Farid El Melali
2%
8 M Hocine Metref
2%
3 D Ilias Hassani
2%
1 D Islam Arous
2%
13 D Ismael Bouzid
2%
2 D Naoufel Khacef
2%
3 M Raouf Benguit
2%
7 M Saad Tedjar
2%
3 M Amir Karaoui
1%
2 D Brahim Boudebouda
1%
1 D Chemseddine Nessakh
1%
1 M Hocine El Orfi
1%
1 D Houari Ferhani
1%
1 A Houssam Ghacha
1%
3 M Ibrahim Chenihi
1%
2 A Karim Benyamina
1%
2 M Laurent Agouazi
1%
1 D Mohamed Benyahia
1%
1 A Mohamed Chalali
1%
4 M Mohammed Benkhmassa
1%
1 A Moustapha Djallit
1%
1 D Nabil Lamara
1%
1 M Abdelrrahmane Bourdim
0%
1 A Ahmed Gasmi
0%
10 M Chadli Amri
0%
1 A Hamza Boulemdais
0%
1 M Hamza Koudri
0%
1 A Zahir Zerdab
0%
Aucun quiz correspondant
Distribution des résultats
% des personnes avec chaque résultat
Percentile par nombre de réponses
Votre historique - résultats
Vous n’avez pas pris ce quiz